Responses for Show #6826 - Monday, April 28, 2014

Julia Collins game 6.

Contestants

[<< previous game]

Sarah Shody, a lawyer from Toronto, Ontario, Canada

Bob Kochersberger, a journalism professor from Raleigh, North Carolina

Julia Collins, a supply chain professional from Kenilworth, Illinois (whose 5-day cash winnings total $102,810)

[next game >>]

Jeopardy! Round responses

WHAT "ITIS" IS IT?
TENNIS TIPS
GETTING POSSESSIVE
2-LETTER SCRABBLE WORDS
APPROXIMATE WEIGHTS & MEASURES
REIGN
(Adelaide Kane: The passions and power struggles around Mary, Queen of Scots, in between the lines of the history books.) (Alex: And you can watch Reign on the CW network, of course.)
    $200 3
laryngitis

Sarah
    $200 14
bouncing the ball

Bob
    $200 1
Martha's Vineyard

Sarah
    $200 2
hm

Bob
    $200 22
a slab

Bob
    $200 17
Tudor

Sarah
    $400 7
appendicitis

Julia
    $400 27
topspin

Bob
    $400 12
St. Elmo's fire

Sarah
    $400 4
oy

Julia
    $400 23
pack

Julia
    $400 18
the Medicis

Sarah
    $600 8
sinusitis

Sarah
    $600 28
a lob

Bob
    $600 13
America's Funniest Home Videos

Julia
    $600 5
za

Sarah
    $600 24
a passel

Sarah
    $600 19
Protestants

Julia
    $800 11
dermatitis

Bob
    $800 29
a cross-court

Bob
    $800 15
Orion's belt

Sarah
    $800 6
go

Bob
    $800 25
(Alex: Right, with less than a minute to go.)

a multitude

Julia
    $800 20
Nostradamus

Triple Stumper
    $1000 10
(Sarah: What is arthritis?)

hepatitis

Sarah
Triple Stumper
    $1000 30
the two-handed backhand

Triple Stumper
    $1000 16
Caesar's wife

Triple Stumper
    $1000 9
or

Sarah
    $1000 26
a lot

Bob
    $1,500 21
the dauphin

Julia

Scores at the first commercial break (after clue 15):

Julia Bob Sarah
$1,400 $2,000 $2,800

Scores at the end of the Jeopardy! Round:

Julia Bob Sarah
$4,700 $5,000 $4,000

Double Jeopardy! Round responses

GERMAN CITIES
FASHION HISTORY
STARTS WITH DOUBLE O
(Alex: Each correct response.)
THE COLE PORTER SONGBOOK
A PIG
A POLK
    $400 17
Bonn

Bob
    $400 8
(a) hoop (skirt)

Julia
    $400 3
oolong

Julia
    $400 4
Paris

Bob
    $400 16
lard

Sarah
    $400 28
Andrew Jackson

Julia
    $800 18
Nuremberg

Julia
    $800 9
(Alex: Like President Lincoln.)

a stove pipe

Triple Stumper
    $800 2
"Oops"

Sarah
    $800 5
friendship

Julia
    $800 22
backwards

Bob
    $800 29
the telegraph

Bob
    $1,500 19
Cologne

Julia
    $1200 10
Marie Antoinette

Julia
    $1200 1
oompah

Triple Stumper
    $1200 6
(Bob: What is just one of these things?)
(Julia: What is just [*]?)

one of those things

JuliaBob
    $1200 23
Richard III

Triple Stumper
    $1200 26
the Washington Monument

Bob
    $1600 20
Holbein

Julia
    $1600 11
sabot

Triple Stumper
    $1600 13
oomph

Julia
    $1600 7
(Julia: What is 'cause I'm a lady?)

my heart belongs to daddy

Julia
Triple Stumper
    $1600 24
its snout

Sarah
    $3,000 27
(Bob: What is Canada?)

Texas

Bob
    $2000 21
Munich

Sarah
    $2000 12
a tricorn hat

Sarah
    $2000 14
ooze

Julia
    $2000 15
"Anything Goes"

Triple Stumper
    $2000 25
pheromones

Julia
    $2000 30
Fifty-four forty or fight!

Julia

Scores at the end of the Double Jeopardy! Round:

Julia Bob Sarah
$19,000 $4,400 $10,800

[wagering suggestions for these scores]

Final Jeopardy! Round responses

NOBEL PRIZE-WINNING AUTHORS
(Alex: [To Bob] And that is incorrect; I think you were influenced by the "Africa" in the clue.)
...
(Alex: The lady is on fire. Watch her again tomorrow with two new challengers.)
BobWho is JM Coetzee
$2,400
SarahWho is Ernest Hemingway?
$9,000
JuliaWho is Ernest Hemingway?
$3,000
Ernest Hemingway

Final scores:

Julia Bob Sarah
$22,000 $2,000 $19,800
6-day champion: $124,810 3rd place: $1,000 2nd place: $2,000

Game dynamics:

Coryat scores:

Julia Bob Sarah
$18,200 $7,400 $10,800
20 R
(including 2 DDs),
1 W
14 R,
2 W
(including 1 DD)
15 R,
1 W

Combined Coryat: $36,400

[game clues] [game scores] [suggest correction]

Game tape date: 2014-02-04
The J! Archive is created by fans, for fans. Scraping, republication, monetization, and malicious use prohibited; this site may use cookies and collect identifying information. See terms. The Jeopardy! game show and all elements thereof, including but not limited to copyright and trademark thereto, are the property of Jeopardy Productions, Inc. and are protected under law. This website is not affiliated with, sponsored by, or operated by Jeopardy Productions, Inc. Join the discussion at JBoard.tv.